000 00791nam a2200241Ia 4500
003 OSt
005 20220923220849.0
006 a|||||r|||| 00| 0
007 ta
008 220922b |||||||| |||| 00| 0 hin d
024 _a191,538
037 _cTextual
040 _aARTS
_cARTS
_bhin
041 _2hin
_ahin
082 _aV2y7N02, 152L7
100 _aचावला, जगदीश
_9156290
245 0 _aलोकनायक
_b जयप्रकाश नारायण
246 _aLokanāyaka: jayaprakāsh nārāyaṇa
260 _aदिल्ली
_b प्रेम प्रकाशन मन्दिर
_c1977
300 _a114पृ.
_ccm.
942 _hV2y7N02, 152L7
_cTEXL
_2CC
999 _c344245
_d344245